Nuclear energy development in Asia problems and prospects (Registro nro. 182918)

Detalles MARC
000 -ENCABEZADO
Número de control [NR] 00891 a2200229 4500
005 - FECHA Y HORA DE LA ÚLTIMA TRANSACCIÓN
control field 20140903174959.0
008 - DE LONGITUD FIJA DE DATOS DE ELEMENTOS - INFORMACIÓN GENERAL
Elementos de longitud fija [NR] 131127s2011 enkd frn 001 0 eng d
020 ## - NUMERO INTERNACIONAL NORMALIZADO PARA LIBROS [R]
Número Internacional Normalizado del libro [NR] 9780230240247
040 ## - FUENTE DE CATALOGACION [NR]
Agencia de catalogación original [NR] CO-BoUCM
Idioma de catalogación [NR] spa
Quien Cataloga Jose A. Gerena (modificó)
Quien Clasifica Diana Londoño
041 00 - CODIGO DE IDIOMA [R]
Código de idioma para texto/pista de sonido o título separado [R] Inglés
245 00 - MENCION DE TITULO [NR]
Título [NR] Nuclear energy development in Asia problems and prospects
Mención de responsabilidad, etc. [NR] editado por Xu Yi-chong
260 ## - PUBLICACION, DISTRIBUCION, ETC. (PIE DE IMPRENTA) [R]
Lugar de publicación, distribución, etc. [R] Nueva York (Estados Unidos)
Nombre del editor, distribuidor, etc. [R] Palgrave Macmillan
Fecha de publicación, distribución, etc. [R] 2011
300 ## - DESCRIPCION FISICA [R]
Extensión [R] xix, 246 páginas
Otros detalles físicos [NR] cuadros, gráficas
490 ## - MENCION DE SERIE [R]
Mención de serie [R] Energy, climate and the environment series
504 ## - NOTA DE BIBLIOGRAFIA, ETC. [R]
Nota de bibliografía, etc. [NR] Incluye referencias bibliográficas e índices
650 #7 - ASIENTO SECUNDARIO DE MATERIA - TERMINO TEMATICO [R]
9 (RLIN) 14233
Término temático o nombre geográfico como elemento de entrada [NR] Energía nuclear
Subdivisión geográfica [R] Asia
650 #7 - ASIENTO SECUNDARIO DE MATERIA - TERMINO TEMATICO [R]
Término temático o nombre geográfico como elemento de entrada [NR] Energía nuclear
9 (RLIN) 14233
690 ## - ASUNTO AGREGADO LOCAL DE ENTRADA - TÉRMINO TEMÁTICO (OCLC, RLIN)
9 (RLIN) 42791
Acceso temático local Desarrollo económico
700 ## - ASIENTO SECUNDARIO - NOMBRE PERSONAL [R]
Nombre personal [NR] Xu, Yi-chong
Término de relación [R] editor
9 (RLIN) 51447
942 ## - ELEMENTOS DE ENTRADA AGREGADOS (KOHA)
Tema principal Generalidades
Tipo de ítem principal el descrito en 300a Libro
Edición 1
Parte restante de la signatura top. N964
Sistema de clasificación DEWEY
Clasificación 333.7924095
Existencias
Signatura topográfica Código de barras Última vez visto Ejemplar Costo de reposición Price effective from Tipo de ítem Perdido Sistema de clasificación Dañado No prestable Tipo de ítem específico Suprimido Ubicación habitual Ubicación actual Localización Fecha de creación Proveedor Forma de adquisición Costo Fecha de último préstamo Total préstamos Total Renewals
333.7924095 N964 100137892 03/12/2025 Ej.1 152800.00 05/11/2013 Libro   DEWEY     Libro   Claustro Claustro 4to piso 05/11/2013 15 Compra 152800.00      
333.7924095 N964 100139937 03/12/2025 Ej.2 156600.00 14/01/2014 Libro   DEWEY     Libro   Claustro Claustro 4to piso 14/01/2014 15 Compra 156600.00 23/01/2015 3 3